000 00649nam a2200277Ia 4500
005 20260324140542.0
008 008 260324s9999 xx 000 0 eng d
020 _a9780429503238
037 _aEBOOK
040 _aCRL
040 _beng
040 _cCRL
041 _2eng
041 _aeng
084 _qCRL
100 _aGerald Myers
_91204835
245 0 _aViral Regulatory Structures And Their Degeneracy
260 _bTaylor and Francis
260 _c1998
365 _a
365 _b305
856 _uhttp://www.taylorfrancis.com/books/9780429503238
942 _cEBOOK
999 _c1807026
_d1807026